Click The Europe Song Title Endings - Statistics

General Stats
  • This quiz has been taken 22 times
  • The average score is 11 of 20
Answer Stats
Hint Answer % Correct
The Final Countdown
100%
Open Your Heart
81%
I'll Cry For You
81%
Time Has Come
75%
Ready or Not
75%
Just the Beginning
69%
War of Kings
69%
Prisoners in Paradise
69%
Riches to Rags
63%
Rock The Night
56%
Wake Up Call
50%
Never Say Die
50%
Catch That Plane
50%
The King Will Return
50%
Last Look At Eden
44%
Seven Door Hotel
44%
New Love in Town
31%
Let The Good Times Rock
25%
Spirit of the Underdog
19%
Start From the Dark
6%
No matching quizzes found
Score Distribution
Percent of People with Each Score
Percentile by Number Answered
Your Score History
You have not taken this quiz